Informe Voluntari Local
Descripción Física:
28 pàg. ; il·lustracions color ; 21 x 30 cm
Colección:
Guia pràctica A2030
; 1
Idioma:
Catalán
MARC
| LEADER | 00000nam a22000007a 4500 | ||
|---|---|---|---|
| 001 | 28436 | ||
| 003 | AGDB | ||
| 005 | 20260324181522.0 | ||
| 008 | 240318b spa||||| |||| 00| 0 cat d | ||
| 017 | |a B 22483-2023 | ||
| 040 | |a agdb |b cat | ||
| 245 | |a Informe Voluntari Local | ||
| 250 | |a 1a edició : |b Desembre de 2023 | ||
| 260 | |a Barcelona : |b Diputació de Barcelona ; |c 2023 | ||
| 300 | |a 28 pàg. ; |b il·lustracions color ; |c 21 x 30 cm | ||
| 490 | |a Guia pràctica A2030 ; |v 1 | ||
| 650 | 0 | |a Documents administratius |x Redacció |9 70604 | |
| 650 | 0 | |a Informes |x Redacció |2 Arxiu |9 23643 | |
| 655 | 0 | |a Fulletons |9 55858 | |
| 710 | |a Barcelona (Catalunya : Província). |b Coordinació de Cooperació i Assistència Local |9 70605 | ||
| 710 | |a Barcelona (Catalunya : Província). |b Servei d'Agenda 2030 i Participació |9 52276 | ||
| 856 | 4 | 0 | |u https://llibreria.diba.cat/cat/ebook/informe-voluntari-local_69435 |y Accés lliure (Llibreria de la Diputació de Barcelona) |
| 942 | |2 udc |c ARXIU |n 1 | ||
| 952 | |0 0 |1 0 |2 udc |4 0 |6 FU7684 |7 1 |9 96856 |a Arxiu |b Arxiu |d 2024-03-18 |l 0 |o FU-76-84 |p 28436 |r 2024-03-18 00:00:00 |w 2024-03-18 |y ARXIU | ||
| 999 | |c 128694 |d 128694 | ||